Aspectos jurídicos del capitalismo moderno

Uloženo v:
Podrobná bibliografie
Hlavní autor: Ripert, Georges (Autor)
Médium: Kniha
Jazyk:španělština
Vydáno: Granada Comares 2001
Edice:Biblioteca Comares de Ciencia Jurídica. Colección Crítica del Derecho. Sección Arte del Derecho, 15
Témata:
Tagy: Přidat tag
Žádné tagy, Buďte první, kdo vytvoří štítek k tomuto záznamu!

MARC

LEADER 00000nam a2200000 a 4500
001 UCN7594
003 CL-VaPUC
008 011018e20010000SP |||||||||||||||||spa|d
082 0 4 |a 330.122  |b RIP  |2 21 
100 0 |a Ripert, Georges  |e author  |9 463542 
245 1 0 |a Aspectos jurídicos del capitalismo moderno 
300 |a 329 p 
942 |c BK 
945 |d 20011018 00:00:00  |a vberengu 
260 |a Granada  |b Comares  |c 2001 
650 0 |a Capitalismo  |9 255255 
650 0 |a Liberalismo  |9 255715 
650 0 |a Empresas   |9 255569 
583 |a last modification  |c 20011018 00:00:00  |k Rodrigo Vera 
490 0 |a Biblioteca Comares de Ciencia Jurídica. Colección Crítica del Derecho. Sección Arte del Derecho, 15 
999 |c 297835  |d 297833 
952 |0 0  |1 0  |4 0  |6 330_122000000000000_RIP_2001  |7 0  |8 DER_TF  |9 352848  |a BIBDER  |b BIBDER  |d 2019-11-21  |i 3762246  |o 330.122 RIP 2001  |p 3762246  |r 2023-01-25  |w 2019-11-21  |x Ubicación 4to Piso  |y BK  |z Estos recursos deben solicitarse con anticipación  |k DER